000 00398nam a2200145 i 4500
001 62883
003 ES-MaACL
005 20230906164739.0
007 t|
008 031126s1917 sp ||||1| spa d
100 1 _aFernández Coello de Portugal, Antonio.
_949586
245 1 0 _aNonadas /
_cAntonio Fernández Coello de Portugal.
260 _aMadrid :
_b[s.n.,
_c1917]
852 _aES-MaACL
_j1544-F-7
999 _c62883
_d62883